| 000 | 01699cam a22001934a 4500 | ||
|---|---|---|---|
| 005 | 20250605164025.0 | ||
| 008 | 250528s ||||||||||||||||||||||||d | ||
| 035 | _a16476 | ||
| 040 |
_aGR-AtMCL _bgre _dGR-AtMCL _eAACR2 |
||
| 245 | 1 | _aΒία Κατα των Γυναικων / Ανοχή Μηδέν Πρακτικά | |
| 260 |
_bΔημοκρατική Κίνηση Γυναικών, _c2000 |
||
| 300 | _a192 | ||
| 520 | _aΕπιτροπή για την καταπολέμηση της Ανδρικής βιάς κατά των Γυναικών. Εισαγωγή στο Θέμα του Συνεδρίου, Η Πολιτική της Ευρωπαϊκής Ένωσης, Ανοχή Μηδέν, Καμία Μορφή Βίας δεν Γίνεται Δεκτή - Απόλυτη Προτεραιότητα στην Εξάλειψη της, Σεξιστικές και Ρατσιστικές Πρακτικές δεν Είναι Ανεκτές καθώς και οποιαδήποτε Μορφή Διακρίσεων ή Προκαταλήψεων, Η Ταυτότητα του Προβλήματος, Βία στην Οικογένεια, Βία στο Χώρο Εργασίας, Πορνεία, Σεξουαλική Εκμετάλευση (Εμπόριο) Γυναικών, Εμπλεκόμενοι Παράγοντες, Μέσα Μαζικής Ενημέρωσης, Τρόποι Χρήσης των ΜΜΕ προς Όφελος του Επιδιωκόμενου Στόχου, Νέες Τεχνολογίες, Συζήτηση. | ||
| 700 | 1 |
_aΚωσταβάρα Άλκηστις _92569 |
|
| 700 | 1 |
_aΠαπαγεωργίου Σοφία _92570 |
|
| 942 | _cBK | ||
| 999 |
_c1971 _d1971 |
||